000 00532nam a2200217Ia 4500
003 OSt
005 20221005130632.0
006 a|||||r|||| 00| 0
007 ta
008 221004b |||||||| |||| 00| 0 eng d
024 _a120386
037 _cTextual
040 _aCRL
_cCRL
_beng
041 _2eng
_aeng
100 _aVander Leeuw Gerardus
_9638412
245 0 _aSacred & profave beauty
_b The holy art
260 _c1963
650 _aARTS
942 _cTEXL
_2cc
999 _c1057867
_d1057867